| 000 | 01206cam a22003494a 4500 | ||
|---|---|---|---|
| 001 | 15549186 | ||
| 003 | OSt | ||
| 005 | 20150408114110.0 | ||
| 008 | 081205s2010 paua b 001 0 eng | ||
| 010 | _a 2008052929 | ||
| 016 | 7 |
_a101490906 _2DNLM |
|
| 020 | _a9780781790451 (alk. paper) | ||
| 020 | _a078179045X (alk. paper) | ||
| 035 | _a(OCoLC)ocn280354562 | ||
| 040 | _aMa-Un | ||
| 042 | _apcc | ||
| 050 | 0 | 0 |
_aRB40 _b.C576 2010 |
| 082 | 0 | 0 |
_a616.0756 _222 |
| 245 | 0 | 0 |
_aClinical chemistry : _btechniques, principles, correlations / _c[edited by] Michael L. Bishop, Edward P. Fody, Larry E. Schoeff. |
| 250 | _a6th ed. | ||
| 260 |
_aPhiladelphia : _bWolters Kluwer Health/Lippincott Williams & Wilkins, _cc2010. |
||
| 300 |
_axx, 732 p. : _bill. ; _c29 cm. |
||
| 504 | _aIncludes bibliographical references and index. | ||
| 650 | 0 | _aClinical chemistry. | |
| 650 | 1 | 2 |
_aChemistry, Clinical _xmethods. _913867 |
| 650 | 2 | 2 |
_aClinical Chemistry Tests. _913868 |
| 700 | 1 |
_aBishop, Michael L. _919516 |
|
| 700 | 1 |
_aFody, Edward P. _919517 |
|
| 700 | 1 |
_aSchoeff, Larry E. _919518 |
|
| 942 |
_2ddc _cBOOK |
||
| 999 |
_c26837 _d261337 |
||